| 000 | 00506nam a22001697a 4500 | ||
|---|---|---|---|
| 005 | 20251108164332.0 | ||
| 008 | 250721s1993 xx 000 0 ara d | ||
| 082 | 1 | 4 | _a921/معر |
| 100 | 1 | _aسعفان، كامل | |
| 245 | 1 | 0 | _aفي صحبة أبي العلاء بين التمرد و الإنتماء / |
| 264 | 1 |
_aالقاهرة : _bدار الأمين، _c1993. |
|
| 300 | _a202 ص | ||
| 650 | 1 | 7 | _aالتراجم |
| 650 | 1 | 7 | _aالفلسفة الإسلامية |
| 942 |
_2ddc _cBK |
||
| 999 |
_c9622 _d9622 |
||